South Korean Presidents Quiz - Statistics

General Stats
  • This quiz has been taken 55 times
    5 since last reset
  • The average score is 11 of 14
Answer Stats
Term of office President % Correct
2022-2025 Yoon Suk-yeol
100%
1980-1988 Chun Doo-hwan
80%
1998-2003 Kim Dae-jung
80%
1993-1998 Kim Young-sam
80%
2025- Lee Jae-myung
80%
2008-2013 Lee Myung-bak
80%
2017-2022 Moon Jae-in
80%
1963-1979 Park Chung-hee
80%
2013-2017 Park Geun-hye
80%
2003-2008 Roh Moo-hyun
80%
1988-1993 Roh Tae-woo
80%
1960-1962 Yun Po-sun (Yun Posun)
80%
1979-1980 Choi Kyu-hah
60%
1948-1960 Lee Seung-man (Syngman Rhee)
60%
No matching quizzes found
Score Distribution
Percent of People with Each Score
Percentile by Number Answered
Your Score History
You have not taken this quiz since the last reset